Rhett and Link lyrics - Rub Some Bacon on It - Statistics

General Stats
  • This quiz has been taken 31 times
  • The average score is 199 of 260
Answer Stats
Lyrics % Correct
a
96%
bacon?
96%
Bacon?
96%
Bacon.
96%
bacon
96%
Bacon
96%
I
96%
on
96%
On
96%
some
96%
it.
92%
it?
92%
Rub
92%
to
92%
Do
88%
do
88%
my
88%
My
88%
you
88%
your
88%
have
84%
the
84%
The
84%
What
84%
What?
84%
all
80%
hand.
80%
is
80%
night.
80%
there
80%
from
76%
Just
76%
last
76%
nailed
76%
That's
76%
911.
72%
birdhouse
72%
dinner
72%
emergency?
72%
over
72%
finger
68%
left
68%
right.
68%
accidentally.
64%
get
56%
an
52%
if
52%
cat
48%
Yeah.
48%
clone?
44%
explodes.
44%
pics
44%
posted.
44%
by
40%
can't
40%
encounter
40%
Mr
40%
phone?
40%
apocalypse
36%
home
36%
might
36%
narwhal.
36%
problem?
36%
real
36%
with
36%
attacked
32%
I'm
32%
new
32%
Or
32%
say
32%
sharted.
32%
started.
32%
think
32%
visited
32%
dropped
28%
foreclosed.
28%
friend
28%
gets
28%
Hey
28%
in
28%
mononucleosis.
28%
pirates.
28%
swim.
28%
What's
28%
boy.
24%
feed
24%
hotline.
24%
meet
24%
racist.
24%
something
24%
Timn.
24%
unintentionally
24%
adult
20%
braces.
20%
goes
20%
silence.
20%
steampunk.
20%
There's
20%
troll?
20%
trunk.
20%
up
20%
awkward
16%
wake
12%
No matching quizzes found
Score Distribution
Percent of People with Each Score
Percentile by Number Answered
Your Score History
You have not taken this quiz